| 000 | 00415nam a2200181Ia 4500 | ||
|---|---|---|---|
| 005 | 20240913130053.0 | ||
| 008 | 240913s9999||||xx |||||||||||||| ||und|| | ||
| 041 | _aENGLISH | ||
| 082 | _A612 Q8 | ||
| 100 | _aCostanzo,Linda S | ||
| 245 | 0 | _aPhysiology | |
| 250 | _a6th | ||
| 260 |
_c2018 _bEls _aJapan |
||
| 500 | _aREFERENCE | ||
| 650 |
_aphysiology _bAllied Health Science |
||
| 942 | _cREF | ||
| 999 |
_c246898 _d246898 |
||